• 首页
  • 本馆介绍
  • 公告通知
  • 最新文献
  • 馆藏检索
  • 电子资源
  • 读者导购
  • 参考咨询
  • 我的图书馆
  • 登录
  • 详细信息显示
  • 放入我的书架
  • 预约/预借图书
  • 作者相关作品
  • 分类相关作品
  • 丛书相关作品
  • 出版社相关作品

书目信息

  • 表格格式
  • 工作单格式
  • 卡片格式
题名:
数据结构题集
    
 
作者: 严蔚敏 , 吴伟民 编著
分册:  
出版信息: 北京   清华大学出版社  1998
页数: 256页
开本: 16开
丛书名:
单 册:
中图分类: TP311.12-44
科图分类:
主题词: 数据结构--教学参考资料
电子资源:
ISBN: 7-302-03238-6
000 00601nam0 2200205 45
001 0111071090
005 20070607153708.07
010    @a7-302-03238-6@dCNY15.80
100    @a20011107d1998 km y0chiy0120 ea
101 0  @achi
200 1  @a数据结构题集@AShu Ju Jie Gou Ti Ji@f严蔚敏,吴伟民编著@FYan Wei Min,Wu Wei Min Bian Zhu
205    @a2版
210    @a北京@c清华大学出版社@d1998
215    @a256页@d16开
606 0  @a数据结构@x教学参考资料
690    @aTP311.12-44@v4
701    @a严蔚敏@4编著
701  0 @a吴伟民@4编著
801    @aCN@bTSTC@c20070607
905    @f3@b300679-681@dTP311.12-44@e595=2
    
    数据结构题集/严蔚敏,吴伟民编著.-2版.-北京:清华大学出版社,1998
    256页;16开
    
    
    ISBN 7-302-03238-6:CNY15.80
    
●
相关链接 在E读中查询图书 在五车中查询图书 在当当中查询图书 在豆瓣中查询图书


正题名:数据结构题集     索取号:TP311.12-44/595=2         预约/预借

序号 登录号 条形码 馆藏地/架位号 状态 备注
1 0300679   203006790   第三借阅区/ [索取号:TP311.12-44/595=2] 在馆    
2 0300680   203006807   第三借阅区/ [索取号:TP311.12-44/595=2] 在馆    
3 0300681   203006816   第二样本阅览室/ [索取号:TP311.12-44/595=2] 在馆    
4 0517460   205174602   密集书库/ [索取号:TP311.12-44/595=2] 在馆    
唐山师范学院图书馆 欢迎您!
大连网信软件有限公司© 版权所有